Fr. Conceicao Rodrigues College of Engineering

CAD/CAM (Record no. 30249)

MARC details
000 -LEADER
fixed length control field 00233nam a2200121Ia 4500
100 ## - MAIN ENTRY--PERSONAL NAME
Personal name GROVER/ ZIMMER
245 ## - TITLE STATEMENT
Title CAD/CAM
260 ## - PUBLICATION, DISTRIBUTION, ETC.
Name of publisher, distributor, etc. Pearson Education
Date of publication, distribution, etc. 2006
366 ## - TRADE AVAILABILITY INFORMATION
Publishers's discount category 25
300 ## - PHYSICAL DESCRIPTION
Extent 509
546 ## - LANGUAGE NOTE
Language note ENGLISH
942 ## - ADDED ENTRY ELEMENTS (KOHA)
Koha item type BOOK
Holdings
Withdrawn status Lost status Damaged status Not for loan Collection Home library Current library Date acquired Source of acquisition Cost, normal purchase price Total Checkouts Full call number Barcode Date last seen Cost, replacement price Price effective from Koha item type
        AFT Fr. Agnel's C.Rodrigues College of Engineering Fr. Agnel's C.Rodrigues College of Engineering 17/03/2023 Book Base 224.25   AFT8148 17/03/2023 299.00   BOOK